00309nam a2200121Ia 4500008004100000082001600041100001800057245005500075250000900130260002400139300000800163650001600171191201s2009 xx 000 0 und d a004.65bRAN aRAJASEKARAN,S 0aNeural Networks Fuzzy Logic and Genetic Algorithms a12th aN. DelhibPHIc2009 a439 aB.Tech(CSE)